Selekcjonerzy Wicemistrzów Świata - Statystyki

Ogólne statystyki
  • Ten quiz został rozwiązany 39 razy
  • Średni wynik to 5 z 22
Statystyki odpowiedzi
Rok Kraj Selekcjoner % Poprawnych
2022 Francja Didier Deschamps
100%
2018 Chorwacja Zlatko Dalic
75%
1986 Niemcy Zach. Franz Beckenbauer
38%
2010 Holandia Bert Van Marwijk
34%
2002 Niemcy Rudi Voller
34%
1998 Brazylia Mario Zagallo
31%
2014 Argentyna Alejandro Sabella
28%
1994 Włochy Arrigo Sacchi
28%
1974 Holandia Rinus Michels
28%
2006 Francja Raymond Domenech
25%
1966 Niemcy Zach. Helmut Schon
16%
1990 Argentyna Carlos Bilardo
13%
1954 Węgry Gusztav Sebes
13%
1982 Niemcy Zach. Jupp Derwall
9%
1970 Włochy Ferruccio Valcareggi
6%
1978 Holandia Ernst Happel
3%
1950 Brazylia Flavio Costa
0%
1930 Argentyna Francisco Olazar | Juan Jose Tramutola
0%
1958 Szwecja George Raynor
0%
1934 Czechosłowacja Karel Petru
0%
1938 Węgry Karoly Dietz
0%
1962 Czechosłowacja Rudolf Vytlacil
0%
Nie znaleziono quizów pasujących do podanych kryteriów
Rozkład punktacji
Procent ludzi z każdym wynikiem
Percentyl według liczby udzielonych odpowiedzi
Twoja historia wyników
Nie rozwiązałeś tego quizu